| 000 | 01035cam a2200241 4500 | ||
|---|---|---|---|
| 001 | ABS63604 | ||
| 008 | 000000n2001 000 0 eng u | ||
| 035 | _a(Sirsi) u111228 | ||
| 100 | _aGibson, V. | ||
| 245 | _aIn search of flexibility in corporate real estate portfolios | ||
| 260 | _c2001 | ||
| 490 |
_aJournal of Corporate Real Estate _v3(1) 2001, 38-45(8) |
||
| 520 | _aConsiders the greater need for flexibility in portfolio management. Suggests one way in which property managers can gain greater understanding of the problem is to realise that property can be seen from various perspectives, as a physical functional and financial asset. Examines the rise of flexibility, what it consists of and when it is required. References. | ||
| 590 | _aABS | ||
| 650 | _aFLEXIBILITY | ||
| 650 | _aPORTFOLIO MANAGEMENT | ||
| 650 | _aFINANCIAL RISK | ||
| 650 | _aASSET MANAGEMENT | ||
| 650 | _aLIFE CYCLE ASSESSMENT | ||
| 650 | _aCORPORATE REAL ESTATE | ||
| 690 | _aPROPERTY MANAGEMENT-CORPORATE REAL ESTATE | ||
| 942 | _n0 | ||
| 999 |
_c66272 _d66272 |
||